THE UNITED STATES AND THE DEVELOPING COUNTRIES (Registro nro. 16349)
[ vista simple ]
| 000 -LEADER | |
|---|---|
| fixed length control field | 00444nam a2200145 a 4500 |
| 001 - CONTROL NUMBER | |
| control field | 16349 |
| 005 - DATE AND TIME OF LATEST TRANSACTION | |
| control field | 20180713205245.0 |
| 008 - FIXED-LENGTH DATA ELEMENTS--GENERAL INFORMATION | |
| fixed length control field | 140415s1977 000 0 spa d |
| 041 ## - LANGUAGE CODE | |
| Language code of text/sound track or separate title | spa |
| 082 ## - DEWEY DECIMAL CLASSIFICATION NUMBER | |
| Classification number | 338.9173 |
| Item number | UNI |
| 245 04 - TITLE STATEMENT | |
| Title | THE UNITED STATES AND THE DEVELOPING COUNTRIES |
| 260 ## - PUBLICATION, DISTRIBUTION, ETC. | |
| Place of publication, distribution, etc. | [s.l.] : |
| Name of publisher, distributor, etc. | WESTVIEW PRESS, INC., |
| Date of publication, distribution, etc. | 1977 |
| 300 ## - PHYSICAL DESCRIPTION | |
| Extent | 150 |
| 650 14 - SUBJECT ADDED ENTRY--TOPICAL TERM | |
| Topical term or geographic name entry element | ECONOMIA |
| General subdivision | AMERICA LATINA |
| -- | ESTADOS UNIDOS |
| -- | ECONOMIA INTERNACIONAL |
| Withdrawn status | Lost status | Source of classification or shelving scheme | Damaged status | Not for loan | Collection code | Home library | Current library | Shelving location | Date acquired | Source of acquisition | Inventory number | Total Checkouts | Full call number | Barcode | Date last seen | Price effective from | Koha item type |
|---|---|---|---|---|---|---|---|---|---|---|---|---|---|---|---|---|---|
| Dewey Decimal Classification | General | Biblioteca Karol Wojtyla | Biblioteca Karol Wojtyla | Sala general | 03/12/2013 | Compra | 151000000000000000051411 | 338.9173 UNI | 3413 | 05/01/2026 | 03/12/2013 | Libro |